Gekke klikwiskunde - Statistieken

Algemene statistieken
  • Deze quiz is 34 keer genomen
  • De gemiddelde score is 14 van 30
Antwoordstatistieken
Hint Antwoord % Correct
Wat is hier het grootste getal 4
96%
1+1 2
92%
3-1 2
79%
2+1 3
79%
4-2 2
75%
12/4 3
75%
-4+6 2
71%
9-8 1
67%
5/2.5 2
67%
3^1 3
67%
Derdemachtswortel van 27 3
67%
40/10 4
67%
2^2 4
63%
(2^3)/(2^2) 2
58%
2/1 2
58%
6(1/2) 3
58%
2(3-1) 4
58%
48/24+2 4
38%
2^0 1
33%
6/(4+2) 1
25%
Vierkantswortel van 4 2
25%
(20-10)/5 2
21%
(-4)^2-15 1
17%
30-58/2 1
13%
56/8-4 3
13%
2x+4=10 Bereken de waarde van x 3
8%
2x+4=7x-1 Bereken de waarde van x 1
4%
Kleinste natuurlijke getal 1
4%
2^2 4
4%
Hoeveel positieve factoren heeft 6? 4
4%
Geen overeenkomende quizzen gevonden
Scoreverdeling
Procent van Mensen met Elke Score
Percentiel versus Aantal Correcte Antwoorden
Uw Scoregeschiedenis
U heeft deze quiz nog niet genomen